=LDR 00000nam 2200000 4500 =001 INLIS000000000005939 =005 20130612094125 =008 ***********************************Ind** =035 ##$$0010-061300000005939 =041 ##$$a Ind =082 ##$$a 261.52 =090 ##$$a 261.52, Ver h =100 ##$$a Vera Sj, Jose de =245 ##$$a Humas gereja, Jose de Vera Sj; penerjemah, Y.I. Iswarahadi Sj =260 ##$$a 1992 $b Yogyakarta =300 ##$$a 32 hlm., Ilus., 21 cm =650 ##$$a Kristiani =700 ##$$a Iswirahadi, Y.I =850 ##$$a NBPNMAT